Statistics for States of Mexico Quiz

Click here to take the quiz!

General Stats

  • This quiz has been taken 35,473 times
    (35,471 since last reset)
  • The average score is 17 of 31

Answer Stats

State % Correct
Baja California
85%
México
84%
Chihuahua
79%
Yucatán
78%
Oaxaca
64%
Sonora
63%
Baja California Sur
63%
Veracruz
62%
Jalisco
60%
Chiapas
58%
Quintana Roo
56%
Sinaloa
56%
Nuevo León
55%
Tabasco
55%
Durango
54%
Puebla
53%
Guerrero
52%
Aguascalientes
49%
Zacatecas
49%
Michoacán
49%
Tamaulipas
48%
Nayarit
46%
Hidalgo
46%
Coahuila
46%
San Luis Potosí
45%
Campeche
45%
Colima
44%
Guanajuato
42%
Morelos
42%
Querétaro
41%
Tlaxcala
38%

Score Distribution

Percentile by Number Answered

Percent of People with Each Score

Your Score History

You have not taken this quiz since the last reset